000 00188 a2200097 4500
001 7108
100 _aLamb, A
245 _aMcMahon line
260 _a
_bRoutledge
_c
090 _c5878
_d5878
942 _aNUST-CAE
_cM
_c32353
999 _c242181
_d242181